1, 2, 3-- y ya / (Registro nro. 59177)
[ vista simple ]
| 000 -CABECERA | |
|---|---|
| Longitud fija campo de control | 00861cam a2200289 a 4500 |
| 003 - • IDENTIFICADOR DELl NÚMERO DE CONTROL | |
| Identificador del número de control | CO-BoRNBP |
| 005 - • FECHA Y HORA DE LA ÚLTIMA TRANSACCIÓN | |
| Fecha y hora de la última transacción | 20250917154102.0 |
| 007 - • CAMPO FIJO DE DESCRIPCIÓN FÍSICA | |
| Campo fijo de descripción física | ta |
| 008 - • CÓDIGOS DE INFORMACIÓN DE LONGITUD FIJA | |
| Códigos de información de longitud fija | 030825s2003 ck a b 00 j spa d |
| 020 ## - • NÚMERO INTERNACIONAL NORMALIZADO PARA LIBROS | |
| Número Internacional Normalizado para Libros (ISBN) | 9583011126 (colección) |
| 020 ## - • NÚMERO INTERNACIONAL NORMALIZADO PARA LIBROS | |
| Número Internacional Normalizado para Libros (ISBN) | 9583011134 (volumen) |
| 040 ## - FUENTE DE LA CATALOGACIÓN | |
| Centro catalogador de origen | CO-BoBN |
| Lengua de catalogación | spa |
| Centro transcriptor | CO-BoBN |
| 082 04 - • NÚMERO DE LA CLASIFICACIÓN DECIMAL DEWEY | |
| Número de clasificación (R) | B869.35 |
| Número de edición | 23 |
| 100 1# - • PUNTO DE ACCESO PRINCIPAL-NOMBRE DE PERSONA | |
| Nombre de persona | Savaget, Luciana |
| 245 10 - • TITULO PROPIAMENTE DICHO | |
| Título | 1, 2, 3-- y ya / |
| Mención de responsabilidad, etc. | Luciana Savaget ; ilustraciones, Patricia Acosta |
| 246 ## - • VARIANTES DE TÍTULO | |
| Título propio / Título en breve | Uno, dos, tres ... y ya |
| 250 ## - • MENCIÓN DE EDICIÓN | |
| Mención de edición | 1a. ed. |
| 300 ## - • DESCRIPCIÓN FÍSICA | |
| Extensión | 30 p. : |
| Otras características físicas | il. ; |
| Dimensiones | 23 cm |
| 336 ## - TIPO DE CONTENIDO | |
| Fuente | rdacontent |
| Término de tipo de contenido | texto |
| Código de tipo de contenido | txt |
| 337 ## - TIPO DE MEDIO | |
| Fuente | rdamedia |
| Nombre del tipo de medio | sin mediación |
| Código del tipo de medio | n |
| 338 ## - TIPO DE SOPORTE | |
| Fuente | rdacarrier |
| Nombre del tipo de soporte | volumen |
| Código del tipo de soporte | nc |
| 490 0# - • MENCIÓN DE SERIE | |
| Mención de serie | Sueños de papel |
| 650 14 - • PUNTO DE ACCESO ADICIONAL DE MATERIA - TÉRMINO DE MATERIA | |
| Término de materia o nombre geográfico como elemento inicial | Cuentos infantiles brasileños |
| Subdivisión cronológica | Siglo XXI |
| Fuente del encabezamiento o término | LEMB |
| 700 1# - • PUNTO DE ACCESO ADICIONAL - NOMBRE DE PERSONA | |
| Nombre de persona | Acosta, Patricia, |
| Término indicativo de función | ilustrador |
| 942 ## - ENTRADA DE ELEMENTOS AGREGADOS (KOHA) | |
| Fuente de clasificaión o esquema | Dewey Decimal Classification |
| Koha [por defecto] tipo de item | LIbro |
| Perdido | Fuente de clasificación o esquema | Estado Físico | No para préstamo | Forma de adquisición | Localización permanente | Localización actual | Localización en estanterías | Fecha adquisición | Préstamos totales | Signatura completa | Código de barras | Fecha última consulta | Número de copia | Fecha del precio de reemplazo | Tipo de item de Koha |
|---|---|---|---|---|---|---|---|---|---|---|---|---|---|---|---|
| Clasificación Local Facetada | Infantil | Biblioteca Pública Fuentedeoro - Henry Llanos García | Biblioteca Pública Fuentedeoro - Henry Llanos García | Sala Infantil | 09/17/2025 | I B869.35 | Fo02755 | 09/17/2025 | Ej.1 | 09/17/2025 | Libro Infantil | ||||
| Dewey Decimal Classification | Infantil | Biblioteca Pública Puerto Lleras | Biblioteca Pública Puerto Lleras | Literatura | 10/10/2025 | C SAV3 | PLL02610 | 10/10/2025 | Ej.1 | 10/10/2025 | Libro Infantil |